000
00238nam a22000857a 4500
008
160629b xxu||||| |||| 00| 0 eng d
100
_9
1399
_a
Kohli, B.J., et al
245
_a
Numerical Examples in Physics - XII
260
_a
NEW DELHI
_b
ARYA
_c
1999
999
_c
1157
_d
1157